[Event "Montevideo Trebejos op 03"]
[Site "Montevideo"]
[Date "2022.03.18"]
[Round "4"]
[White "Olivera, Omar"]
[Black "Dominguez Orono, Walter"]
[Result "1/2-1/2"]
[WhiteElo "1331"]
[BlackElo "1681"]
[PlyCount "79"]
[EventDate "2022.03.07"]
[EventType "swiss"]
[EventRounds "6"]
[EventCountry "URU"]
[SourceTitle "EXT 2023"]
[Source "ChessBase"]
[SourceDate "2022.10.05"]
[SourceVersion "1"]
[SourceVersionDate "2022.10.05"]
[SourceQuality "1"]

1. d4 Nf6 2. Bf4 d5 3. e3 c5 4. c3 cxd4 5. exd4 Nc6 6. Nf3 Bg4 7. Be2 e6 8. Nbd2 Be7 9. Ne5 Nxe5 10. dxe5 Bxe2 11. Qxe2 Nd7 12. 0-0 0-0 13. Nb3 Rc8 14. Nd4 Rc4 15. Qd2 a6 16. Rfe1 b5 17. Re3 b4 18. Rg3 Re8 19. Re1 Nc5 20. Qe2 Ne4 21. Rh3 Ng5 22. Bxg5 Bxg5 23. Qd3 Bh6 24. Ree3 Bxe3 25. Qxh7+ Kf8 26. Rxe3 Qg5 27. Qh3 bxc3 28. bxc3 Rec8 29. g3 Rxc3 30. Rxc3 Rxc3 31. Qh8+ Ke7 32. Qa8 Qxe5 33. Nc6+ Rxc6 34. Qxc6 Qa1+ 35. Kg2 Qxa2 36. Qc7+ Kf6 37. Qf4+ Kg6 38. Qg4+ Kf6 39. Qf4+ Ke7 40. Qc7+ 1/2-1/2

[Event "Montevideo Trebejos op 07"]
[Site "Montevideo"]
[Date "2018.07.27"]
[Round "7"]
[White "Dominguez Orono, Walter"]
[Black "Bell, Enrique"]
[Result "0-1"]
[WhiteElo "1695"]
[BlackElo "1748"]
[PlyCount "94"]
[EventDate "2018.07.11"]
[EventType "swiss"]
[EventRounds "7"]
[EventCountry "URU"]
[SourceTitle "EXT 2019"]
[Source "ChessBase"]
[SourceDate "2018.10.10"]
[SourceVersion "1"]
[SourceVersionDate "2018.10.10"]
[SourceQuality "1"]

1. Nf3 d6 2. d4 Nf6 3. g3 Bf5 4. Bg2 c6 5. 0-0 Qc7 6. c4 e6 7. Nc3 Be7 8. d5 e5 9. Nd2 c5 10. f4 exf4 11. Rxf4 Bg6 12. Nb5 Qb6 13. Ne4 Nbd7 14. a4 Ne5 15. Qf1 Nh5 16. Rf5 Bxf5 17. Qxf5 Nf6 18. Bg5 Qd8 19. Bxf6 gxf6 20. Rf1 Nxc4 21. Nxf6+ Bxf6 22. Qxf6 Qxf6 23. Rxf6 Ke7 24. Rf4 Ne5 25. b3 a6 26. Nc3 Rab8 27. Kf2 b5 28. axb5 axb5 29. Bf1 c4 30. bxc4 bxc4 31. Ke3 Rb3 32. Kd4 Rg8 33. e3 Rb4 34. Be2 Rb2 35. Rh4 Rxe2 36. Nxe2 Nf3+ 37. Kxc4 Nxh4 38. gxh4 Rg4+ 39. Kd3 Rxh4 40. h3 Rxh3 41. Nf4 Rh1 42. Ke4 Kf6 43. Nd3 h5 44. Nf4 h4 45. Ne2 h3 46. Ng3 Rg1 47. Nh5+ Kg5 0-1

[Event "Montevideo Duchamp Cup 2nd"]
[Site "Montevideo"]
[Date "2018.02.06"]
[Round "7"]
[White "Gaye, Gustavo"]
[Black "Dominguez Orono, Walter"]
[Result "1-0"]
[WhiteElo "2017"]
[BlackElo "1676"]
[PlyCount "73"]
[EventDate "2018.02.02"]
[EventType "swiss"]
[EventRounds "9"]
[EventCountry "URU"]
[SourceTitle "CBM 182 Extra"]
[Source "ChessBase"]
[SourceDate "2018.02.23"]
[SourceVersion "1"]
[SourceVersionDate "2018.02.23"]
[SourceQuality "1"]

1. e4 c5 2. Nf3 d6 3. d4 cxd4 4. Nxd4 Nf6 5. Nc3 g6 6. Be3 Bg7 7. f3 Nc6 8. Qd2 0-0 9. 0-0-0 Bd7 10. g4 h5 11. h4 Rc8 12. Be2 Ne5 13. Rdg1 Nc4 14. Bxc4 Rxc4 15. gxh5 Nxh5 16. f4 e6 17. f5 exf5 18. exf5 Bxd4 19. Bxd4 Bxf5 20. b3 Rxd4 21. Qxd4 Qf6 22. Rd1 a6 23. Nd5 Qxd4 24. Rxd4 Ng3 25. Rh2 Kg7 26. Kb2 Re8 27. c4 b5 28. cxb5 axb5 29. Nc7 Rb8 30. Rxd6 Ne4 31. Rd5 b4 32. Rd4 Nc5 33. Rhd2 Ne4 34. Re2 Nc5 35. Re3 Rc8 36. Ne8+ Kf8 37. Nd6 1-0

[Event "Montevideo Trebejos op 11"]
[Site "Montevideo"]
[Date "2017.11.17"]
[Round "5"]
[White "Dominguez Orono, Walter"]
[Black "Barboza, Mauro"]
[Result "0-1"]
[WhiteElo "1684"]
[BlackElo "1889"]
[PlyCount "64"]
[EventDate "2017.11.08"]
[EventType "swiss"]
[EventRounds "7"]
[EventCountry "URU"]
[SourceTitle "CBM 181 Extra"]
[Source "ChessBase"]
[SourceDate "2017.12.12"]
[SourceVersion "1"]
[SourceVersionDate "2017.12.12"]
[SourceQuality "1"]

1. e4 e5 2. Nf3 Nc6 3. d4 exd4 4. Nxd4 Bc5 5. Be3 Qf6 6. c3 Bb6 7. Be2 Qg6 8. 0-0 a6 9. Nd2 Nf6 10. Bf3 Ne5 11. Be2 Nxe4 12. Nxe4 Qxe4 13. Nc2 Bxe3 14. Nxe3 c6 15. Qd6 Qf4 16. Rad1 Ng6 17. Qc5 Qe5 18. Qa3 Qe7 19. Rd6 0-0 20. Bg4 Ne5 21. Bh3 b5 22. Rfd1 Re8 23. Qc5 Nc4 24. Kf1 Nxd6 25. Qxd6 Qxd6 26. Rxd6 Ra7 27. Nf5 a5 28. Nd4 b4 29. c4 a4 30. Bg4 Ba6 31. Be2 g6 32. g3 Kf8 0-1

[Event "Montevideo Trebejos op 11"]
[Site "Montevideo"]
[Date "2017.11.10"]
[Round "2"]
[White "Buscio, Jorge"]
[Black "Dominguez Orono, Walter"]
[Result "0-1"]
[WhiteElo "1476"]
[BlackElo "1684"]
[PlyCount "60"]
[EventDate "2017.11.08"]
[EventType "swiss"]
[EventRounds "7"]
[EventCountry "URU"]
[SourceTitle "CBM 181 Extra"]
[Source "ChessBase"]
[SourceDate "2017.12.12"]
[SourceVersion "1"]
[SourceVersionDate "2017.12.12"]
[SourceQuality "1"]

1. e4 c5 2. Nf3 d6 3. Bb5+ Bd7 4. Bxd7+ Qxd7 5. 0-0 Nf6 6. Nc3 g6 7. d4 cxd4 8. Nxd4 Bg7 9. h3 0-0 10. Be3 Nc6 11. Qd2 Ne5 12. b3 Rac8 13. Kh1 a6 14. Rad1 Qc7 15. Nde2 Rfd8 16. f4 Ned7 17. g4 Qc6 18. Qd3 Nc5 19. Nd5 Nxd5 20. exd5 Qd7 21. Bxc5 Rxc5 22. c4 b5 23. Nd4 bxc4 24. bxc4 Bxd4 25. Qxd4 Qa4 26. Qe3 Rd7 27. f5 Qxc4 28. f6 Qc3 29. Qh6 exf6 30. Rxf6 Qxf6 0-1

[Event "Montevideo Trebejos op 11"]
[Site "Montevideo"]
[Date "2017.11.08"]
[Round "1"]
[White "Dominguez Orono, Walter"]
[Black "Martinez Fernandez, Fernando"]
[Result "0-1"]
[WhiteElo "1684"]
[BlackElo "1925"]
[PlyCount "110"]
[EventDate "2017.11.08"]
[EventType "swiss"]
[EventRounds "7"]
[EventCountry "URU"]
[SourceTitle "CBM 181 Extra"]
[Source "ChessBase"]
[SourceDate "2017.12.12"]
[SourceVersion "1"]
[SourceVersionDate "2017.12.12"]
[SourceQuality "1"]

1. e4 c6 2. d4 d5 3. exd5 cxd5 4. c4 Nf6 5. Nc3 Nc6 6. Nf3 Bg4 7. c5 g6 8. Be2 Bg7 9. h3 Bf5 10. a3 0-0 11. 0-0 Ne4 12. Be3 Nxc3 13. bxc3 b6 14. Bb5 Na5 15. cxb6 axb6 16. Ne5 f6 17. Nd3 Rc8 18. g4 Be6 19. Bd2 Bf7 20. Re1 Nc4 21. Bf4 Nd6 22. Bxd6 Qxd6 23. Qe2 e6 24. Qd2 e5 25. dxe5 fxe5 26. Nb4 e4 27. Rac1 Qe6 28. Ba6 Rc5 29. Bb7 Rb8 30. Ba6 Qf6 31. c4 Qf3 32. Re3 Bh6 33. Rxf3 Bxd2 34. Rxf7 Bxc1 35. Rd7 dxc4 36. Rd4 e3 37. Bxc4+ Kg7 38. Rd7+ Kh6 39. Be2 exf2+ 40. Kxf2 Rf8+ 41. Ke1 Bg5 42. Nd3 Ra5 43. Rb7 Rxa3 44. Kd1 Rd8 45. Kc2 Ra2+ 46. Kd1 Rd2+ 47. Ke1 R2xd3 48. Bxd3 Rxd3 49. Rxb6 Rxh3 50. Rb4 Rh2 51. Ra4 Bh4+ 52. Kf1 Kg5 53. Kg1 Rb2 54. Rc4 Bg3 55. Ra4 Bf4 0-1

[Event "Montevideo Trebejos op 03"]
[Site "Montevideo"]
[Date "2017.03.16"]
[Round "6"]
[White "Dominguez Orono, Walter"]
[Black "Savino, Horacio"]
[Result "0-1"]
[WhiteElo "1680"]
[BlackElo "1859"]
[PlyCount "92"]
[EventDate "2017.03.06"]
[EventType "swiss"]
[EventRounds "7"]
[EventCountry "URU"]
[SourceTitle "CBM 177 Extra"]
[Source "ChessBase"]
[SourceDate "2017.04.27"]
[SourceVersion "1"]
[SourceVersionDate "2017.04.27"]
[SourceQuality "1"]

1. Nf3 Nf6 2. c4 e6 3. g3 d5 4. d4 Be7 5. Bg2 c6 6. Nc3 0-0 7. 0-0 Nbd7 8. cxd5 exd5 9. Nd2 Qb6 10. Nb3 Re8 11. e4 dxe4 12. Nxe4 Nxe4 13. Bxe4 Nf6 14. Bg2 Be6 15. Bd2 Rad8 16. Ba5 Qa6 17. Bxd8 Rxd8 18. a3 Qb6 19. d5 Nxd5 20. Nd4 Nf6 21. Nxc6 Rxd1 22. Nxe7+ Kf8 23. Raxd1 Kxe7 24. Rd2 Ng4 25. Rfd1 g6 26. b4 Ne5 27. Rc1 Kf6 28. Rcd1 Qc7 29. Rd4 b6 30. Rd6 Ke7 31. R6d4 Qc3 32. Re4 Qb3 33. Rde1 Nf3+ 34. Bxf3 Qxf3 35. R4e3 Qc6 36. f3 Kf6 37. Kf2 h5 38. h4 Qd5 39. R1e2 Qf5 40. Kg2 Qh3+ 41. Kf2 Qh2+ 42. Ke1 Qxg3+ 43. Kd2 Qxh4 44. Re4 Qg5+ 45. f4 Qd5+ 46. Ke1 h4 0-1

[Event "Montevideo Trebejos op 03"]
[Site "Montevideo"]
[Date "2017.03.09"]
[Round "3"]
[White "Cuello Toledo, Guzman"]
[Black "Dominguez Orono, Walter"]
[Result "1-0"]
[WhiteElo "1868"]
[BlackElo "1680"]
[PlyCount "133"]
[EventDate "2017.03.06"]
[EventType "swiss"]
[EventRounds "7"]
[EventCountry "URU"]
[SourceTitle "CBM 177 Extra"]
[Source "ChessBase"]
[SourceDate "2017.04.27"]
[SourceVersion "1"]
[SourceVersionDate "2017.04.27"]
[SourceQuality "1"]

1. e4 g6 2. d4 Bg7 3. c4 d6 4. Nc3 Nf6 5. f3 Nc6 6. Be3 e5 7. d5 Ne7 8. Qd2 Nd7 9. Bd3 0-0 10. g4 f5 11. exf5 gxf5 12. g5 f4 13. Bf2 Nc5 14. Bxc5 dxc5 15. h4 Bf5 16. Ne4 b6 17. Ne2 Nc8 18. Nf6+ Rxf6 19. gxf6 Qxf6 20. Nc3 Nd6 21. Ne4 Bxe4 22. fxe4 Qg6 23. 0-0-0 f3 24. h5 Qf6 25. Qf2 Nxe4 26. Qc2 Bh6+ 27. Kb1 Ng5 28. Rdf1 Re8 29. Rhg1 Kh8 30. Be4 Rf8 31. Rg3 Qf4 32. Rgxf3 Nxf3 33. Rxf3 Qxf3 34. Bxf3 Rxf3 35. Qe4 Rf1+ 36. Kc2 Bf4 37. d6 cxd6 38. Qa8+ Kg7 39. Qxa7+ Kh6 40. Qxb6 Rf2+ 41. Kd1 e4 42. Qd8 Rd2+ 43. Ke1 Kxh5 44. Qe8+ Kg4 45. Qxe4 Rxb2 46. a4 Ra2 47. Qe8 h6 48. Qa8 h5 49. a5 Bd2+ 50. Kd1 Bxa5 51. Qe4+ Kg5 52. Qe7+ Kg4 53. Qg7+ Kh3 54. Kc1 Rg2 55. Qd7+ Kh4 56. Qxd6 Bb4 57. Qf6+ Rg5 58. Kd1 Kg4 59. Ke2 Rf5 60. Qg6+ Kf4 61. Qh6+ Kg4 62. Ke3 Rf3+ 63. Ke4 Rf1 64. Qg6+ Kh4 65. Qg2 Re1+ 66. Kf3 Re8 67. Qg3# 1-0

[Event "Montevideo Duchamp Cup 1st"]
[Site "Montevideo"]
[Date "2017.02.13"]
[Round "7"]
[White "Dominguez Orono, Walter"]
[Black "Araujo, Daniel"]
[Result "1/2-1/2"]
[WhiteElo "1693"]
[BlackElo "1594"]
[PlyCount "60"]
[EventDate "2017.02.09"]
[EventType "swiss"]
[EventRounds "9"]
[EventCountry "URU"]
[SourceTitle "CBM 176 Extra"]
[Source "ChessBase"]
[SourceDate "2017.03.02"]
[SourceVersion "1"]
[SourceVersionDate "2017.03.02"]
[SourceQuality "1"]

1. Nf3 Nf6 2. c4 e6 3. g3 d5 4. d4 Be7 5. Bg2 0-0 6. 0-0 Nbd7 7. cxd5 exd5 8. Nc3 c6 9. Bg5 h6 10. Bxf6 Nxf6 11. Ne5 Be6 12. Rc1 Nd7 13. f4 Nxe5 14. fxe5 Qd7 15. e4 dxe4 16. Bxe4 Bc4 17. Bf5 Qd8 18. Rf3 Qb6 19. b3 Be6 20. Na4 Qc7 21. Bxe6 fxe6 22. Rfc3 Rad8 23. Nc5 Qc8 24. Qg4 Rf5 25. Rf3 Rdf8 26. Rxf5 Rxf5 27. Qg6 Bxc5 28. Rxc5 Qd7 29. Qg4 Qf7 30. Qe2 Qd7 1/2-1/2

[Event "Montevideo Duchamp Cup 1st"]
[Site "Montevideo"]
[Date "2017.02.11"]
[Round "3"]
[White "Dominguez Orono, Walter"]
[Black "Pinero, Ismael"]
[Result "0-1"]
[WhiteElo "1693"]
[BlackElo "1961"]
[PlyCount "114"]
[EventDate "2017.02.09"]
[EventType "swiss"]
[EventRounds "9"]
[EventCountry "URU"]
[SourceTitle "CBM 176 Extra"]
[Source "ChessBase"]
[SourceDate "2017.03.02"]
[SourceVersion "1"]
[SourceVersionDate "2017.03.02"]
[SourceQuality "1"]

1. Nf3 Nf6 2. c4 g6 3. g3 Bg7 4. Bg2 d6 5. d4 0-0 6. 0-0 c6 7. Nc3 h6 8. e4 Qc7 9. h3 Nbd7 10. Be3 e5 11. Rc1 exd4 12. Nxd4 Re8 13. Qd2 Kh7 14. Rfd1 Nc5 15. Qc2 Qe7 16. f3 a5 17. Qf2 Be6 18. b3 Nfd7 19. f4 f5 20. exf5 Bxf5 21. Nxf5 gxf5 22. Bd4 Nf6 23. Bxc5 dxc5 24. Re1 Qf8 25. Rcd1 Rxe1+ 26. Rxe1 Ne4 27. Rxe4 Bxc3 28. Qe3 Bd4 29. Rxd4 cxd4 30. Qxd4 Rd8 31. Qb6 Rd1+ 32. Kh2 Qb4 33. Qc7+ Kg6 34. Qc8 Qe7 35. Qg8+ Kf6 36. Qh8+ Qg7 37. Qe8 Rd7 38. Qe5+ Kg6 39. Qe6+ Kh7 40. Qxf5+ Kh8 41. g4 Rf7 42. Qxa5 Rxf4 43. Qd8+ Rf8 44. Qd6 Qf6 45. Qxf6+ Rxf6 46. Kg3 Rd6 47. b4 Rd3+ 48. Kh4 Ra3 49. b5 cxb5 50. cxb5 b6 51. g5 hxg5+ 52. Kh5 Kg7 53. Bd5 Rc3 54. Bc6 Kf6 55. Kg4 Ra3 56. Bg2 Rxa2 57. Bc6 Ra4+ 0-1

[Event "Montevideo Cuartos Trebejos"]
[Site "Montevideo"]
[Date "2017.01.26"]
[Round "6.9"]
[White "Dominguez Orono, Walter"]
[Black "Rijo, Pedro"]
[Result "1-0"]
[WhiteElo "1685"]
[BlackElo "1546"]
[PlyCount "49"]
[EventDate "2017.01.16"]
[EventType "swiss"]
[EventRounds "6"]
[EventCountry "URU"]
[SourceTitle "EXT 2024"]
[Source "ChessBase"]
[SourceDate "2023.10.10"]
[SourceVersion "1"]
[SourceVersionDate "2023.10.10"]
[SourceQuality "1"]

1. Nf3 d5 2. d4 Nf6 3. c4 Bg4 4. Ne5 Bh5 5. g3 Nbd7 6. cxd5 Nxd5 7. Bg2 c6 8. 0-0 Nxe5 9. dxe5 Qc7 10. Bxd5 cxd5 11. Qxd5 Bxe2 12. Re1 Rd8 13. Qb3 Ba6 14. e6 f6 15. Bf4 Qc4 16. Qxc4 Bxc4 17. Na3 Ba6 18. Rad1 g5 19. Rxd8+ Kxd8 20. Rd1+ Kc8 21. Be3 Bg7 22. Rd7 Re8 23. Bxa7 Bf8 24. b4 Bd3 25. Rxd3 1-0